South America Geography A-Z - Statistics

General Stats
  • This quiz has been taken 70 times
  • The average score is 14 of 26
Answer Stats
Questions Answer % Correct
B) This capital translates to "good air" or "fair winds" Buenos Aires
92%
D) This British explorer documented animal findings inthe Galapagos islands for his theory of evolution Darwin
90%
E) Remote Chilean island famous for its massive Moai statues Easter Island
90%
R) This major city includes Christ the Redeemer, Copacabana beach,and Sugarloaf Mountain Rio De Janeiro
90%
S) Biggest city and capital of Chile Santiago
90%
U) Its capital of Montevideo is about 250 miles from Buenos Aires Uruguay
89%
L) This Bolivian city is highest elevated capital in the world La Paz
87%
A) Driest non-polar desert in the world, within northern Chile Atacama
86%
T) Remote island territory in southern Argentina/Chile, translates to "land of fire" Tierra del Fuego
76%
M) Biggest city in the remote Amazonas region of northern Brazil Manaus
71%
I) Famous waterfalls on the Argentina-Brazil border Iguazu Falls
65%
F) Large Brazilian port city in the northeastern Ceara state Fortaleza
63%
O) Major river in Venezuela and Colombia Orinoco
63%
G) Largest city in Ecuador Guayaquil
62%
C) Colombian port city on the Caribbean coast built inthe 16th century Cartagena
56%
V) Major Chilean port city with colorful houses Valparaiso
54%
Q) Incan language native to Peru and Bolivia Quechua
52%
N) Group of giant mysterious geoglyphs etched into the desert of southern Peru Nazca Lines
37%
W) Capital of Curacao Willemstad
35%
P) Northern Brazilian state bordering the Atlantic, its capital is Belem Para
33%
J) Largest city of Brazils' Santa Catarina state Joinville
16%
X) Major tributary of the Amazon river in northern Brazil Xingu
13%
H) This peak in Peru reaches over 22,000 ft in the Andes Huascaran
10%
K) The worlds largest single drop waterfall, Guyana rainforest Kaieteur Falls
6%
Y) Subtropical, forested area along the eastern Andes in westernBolivia and Peru Yungas
5%
Z) Brazilian tributary of the Amazon stretching through the rainforest Zinho
3%
No matching quizzes found
Score Distribution
Percent of People with Each Score
Percentile by Number Answered
Your Score History
You have not taken this quiz